[Event "Wch U16"]
[Site "Bratislava"]
[Date "1993.??.??"]
[Round "9"]
[White "Movsesian, Sergei"]
[Black "Vescovi, Giovanni"]
[Result "1-0"]
[WhiteElo "2430"]
[BlackElo "2340"]

1.e4 c5 2.Nf3 d6 3.d4 cxd4 4.Nxd4 Nf6 5.Nc3 g6 6.Bc4 Bg7 7.O-O O-O 8.Re1 a6
9.Bb3 Nc6 10.Bg5 h6 11.Bh4 Nxd4 12.Qxd4 g5 13.Bg3 Nh5 14.Qd1 Nxg3 15.fxg3 b5
16.Qh5 Bb7 17.Kh1 e6 18.Nd1 Qf6 19.Kg1 Qd4+ 20.Nf2 Qxb2 21.Rad1 Qa3 22.Kh1 Qc5
23.Rf1 Kh7 24.Rde1 Qc7 25.c3 f5 26.Nh3 Qd8 27.exf5 exf5 28.Re6 d5 29.Rfe1 Kg8
30.Re7 Rf6  1-0

[Event "Mlada Boleslav op"]
[Site "Mlada Boleslav"]
[Date "1993.??.??"]
[Round "?"]
[White "Rigo, Janos"]
[Black "Movsesian, Sergei"]
[Result "1/2-1/2"]
[WhiteElo "2340"]
[BlackElo "2380"]

1.e4 c5 2.Nf3 e6 3.g3 Nc6 4.Bg2 d6 5.d3 Nf6 6.O-O Be7 7.Re1 Qc7 8.Nc3 O-O
9.Qe2 Nd4 10.Nxd4 cxd4 11.Nb1 e5 12.c3 dxc3 13.Nxc3 Bg4 14.Qf1 Rfc8 15.Be3 Qa5
16.a3 Bd8 17.d4 Be6 18.f3 Qc7 19.Rac1 Qb8 20.Qd3 a6 21.Kh1 b5 22.d5 Bd7 23.b4 a5
24.Na2 Qb7 25.Bf1 Ne8 26.g4 h6 27.Kg2 Nf6 28.Rxc8 Rxc8 29.Rc1 Rxc1 30.Nxc1 Qc8
31.Ne2 axb4 32.axb4 Qa8 33.Ng3 Qa2+ 34.Qd2 Qb3 35.h3 Ne8 36.Ne2 Kf8 37.Qc3 Qa2
38.Qd2 Qa3 39.Qc3 Qa6 40.Nc1 Nc7 41.Nd3 Qa4 42.Nb2 Qa2 43.Qd2 Na6 44.Nd3 Qb1
45.Qc1 Qb3 46.Qd2 Kg8 47.Be2 Qa3 48.Kg3 Kh7 49.Kg2  1/2-1/2

[Event "Mlada Boleslav op"]
[Site "Mlada Boleslav"]
[Date "1994.??.??"]
[Round "3"]
[White "Epishin, Vladimir"]
[Black "Movsesian, Sergei"]
[Result "1-0"]
[WhiteElo "2650"]
[BlackElo "2395"]

1.d4 Nf6 2.c4 c6 3.Nc3 d5 4.e3 Bf5 5.cxd5 Nxd5 6.Bc4 e6 7.Nge2 Bg6 8.O-O Be7
9.f3 Nb6 10.Bb3 O-O 11.e4 c5 12.Be3 c4 13.Bc2 Nc6 14.a3 Qd7 15.Qe1 Rad8 16.Rd1 Qc8
17.Nf4 Bg5 18.Nce2 e5 19.dxe5 Rxd1 20.Bxd1 Nxe5 21.Qa5 Qb8 22.Kh1 Bd8 23.Bc2 Nc6
24.Qb5 a6 25.Qc5 Bc7 26.Nxg6 hxg6 27.f4 Re8 28.Nc3 Nd8 29.Qg5 Qc8 30.e5 Ne6
31.Qg3 Nf8 32.Qf3 Nbd7 33.Be4 Bb6 34.Bxb7 Qb8 35.Bxb6 Nxb6 36.Bxa6 Ne6 37.a4 Rd8
38.a5 Nd7 39.Qb7 Ndc5 40.Qxb8 Rxb8 41.Bxc4 Rxb2 42.a6 Nc7 43.a7 Rc2 44.Nb5  1-0

[Event "Mlada Boleslav op"]
[Site "Mlada Boleslav"]
[Date "1994.??.??"]
[Round "9"]
[White "Nishimura, Hiroyuki"]
[Black "Movsesian, Sergei"]
[Result "0-1"]
[WhiteElo "2270"]
[BlackElo "2395"]

1.e4 c5 2.Nf3 e6 3.d3 a6 4.g3 b5 5.Bg2 Bb7 6.O-O d6 7.Re1 Nf6 8.e5 Nfd7 9.exd6 Bxd6
10.Nc3 O-O 11.Ne4 Be7 12.b3 Nc6 13.Bb2 Qc7 14.Qd2 Rfe8 15.h4 e5 16.Re2 Bf8
17.Bh3 Rad8 18.Rae1 Bc8 19.h5 h6 20.Nh4 Nb6 21.Nf5 Bxf5 22.Bxf5 Nd4 23.Bxd4 cxd4
24.Kg2 Nd5 25.Rh1 Qc6 26.Bh3 Bb4 27.Qc1 Nc3 28.Kf1 Nxe2 29.Kxe2 Kf8 30.a3 Be7
31.Kd1 a5 32.Re1 Qd5 33.Qa1 Ra8 34.a4 Reb8 35.Rf1 Ra7 36.f4 exf4 37.Rxf4 Qxh5+  0-1

[Event "Pardubice op"]
[Site "Pardubice"]
[Date "1994.??.??"]
[Round "8"]
[White "Keitlinghaus, Ludger"]
[Black "Movsesian, Sergei"]
[Result "1/2-1/2"]
[WhiteElo "2500"]
[BlackElo "2395"]

1.e4 c5 2.Nf3 e6 3.Nc3 d6 4.d4 cxd4 5.Qxd4 a6 6.Bg5 Nc6 7.Bxd8 Nxd4 8.Nxd4 Kxd8
9.O-O-O Kc7 10.a4 Ne7 11.f4 g6 12.Bc4 Bg7 13.Rd2 Bd7 14.Rhd1 Rhd8 15.Kb1 Rab8
16.h3 Be8 17.g4 Nc6 18.Nde2 Na5 19.Bb3 b5 20.axb5 Bxb5 21.Nxb5+ Rxb5 22.e5 Nb7
23.Nd4 Rb6 24.Nf3 Rb4 25.Ng5 Rxf4 26.Bxe6 Bh6 27.Nxf7 Rxf7 28.Bxf7 Bxd2 29.Rxd2 dxe5
30.Rxd8 Nxd8 31.Bc4 a5 32.Kc1 Kd6 33.Kd2 h6 34.Ke3 g5 35.Ke4 Nc6 36.c3 Ne7
37.Bf7 Nc6 38.b3 Ne7 39.Ke3 Nc6 40.Ke4 Ne7 41.Ke3 Nc6 42.Kd3 Kc5 43.Ke4 Kd6
44.Be8 Ne7 45.Bf7 Nc6 46.Kd3 Kc5 47.Be8 Ne7 48.b4+ axb4 49.cxb4+ Kxb4 50.Ke4 Kc5
51.Kxe5 Nd5 52.Bb5 Nf4 53.Bf1 Nd5 54.Bb5 Nf4 55.Bf1 Nd5  1/2-1/2

[Event "Slovan op"]
[Site "Bratislava"]
[Date "1995.??.??"]
[Round "?"]
[White "Movsesian, Sergei"]
[Black "Shemeakin, Alexander"]
[Result "1-0"]
[WhiteElo "2435"]
[BlackElo "2240"]

1.e4 e6 2.Nc3 d5 3.d4 Nf6 4.e5 Nfd7 5.f4 c5 6.Nf3 Nc6 7.Be3 cxd4 8.Nxd4 Bc5
9.Qd2 a6 10.Nce2 O-O 11.O-O-O Qc7 12.Kb1 b5 13.h4 Na5 14.Qe1 Nc4 15.Bc1 Be7
16.g4 b4 17.g5 Nc5 18.Bg2 Rb8 19.h5 Rd8 20.Rh3 Bf8 21.Qh4 Rb6 22.Nb3 Re8
23.Ned4 Ne4 24.Ne2 a5 25.Be3 Nxe3 26.Rxe3 a4 27.Bxe4 dxe4 28.Nbd4 Bb7 29.g6 fxg6
30.hxg6 h6 31.Ng3 Be7 32.Qh3 Rd8 33.Nxe4 Bxe4 34.Rxe4 Bc5 35.Rd3 b3 36.axb3 Qb7
37.Nxe6 Rxd3  1-0

[Event "CZE-chT1a"]
[Site "?"]
[Date "1995.??.??"]
[Round "?"]
[White "Movsesian, Sergei"]
[Black "Horak, Jiri"]
[Result "1-0"]
[WhiteElo "2435"]
[BlackElo "2280"]

1.e4 e5 2.Nf3 Nf6 3.d4 Nxe4 4.Bd3 d5 5.Nxe5 Be7 6.O-O O-O 7.c4 Nd7 8.Nxd7 Qxd7
9.cxd5 Nf6 10.Nc3 Nxd5 11.Bxh7+ Kxh7 12.Qh5+ Kg8 13.Nxd5 Bd8 14.Be3 Qf5 15.Qxf5 Bxf5
16.Nc3 Bf6 17.Rfd1 Rfd8 18.Rd2 Rd7 19.Rad1 Rad8 20.h3 c6 21.Ne2 a5 22.Rc1 Be6
23.a3 Bb3 24.Rc5 Rd5 25.Rxd5 Rxd5 26.Nc3 Rd8 27.Ne4 Be7 28.Re2 Bc4 29.Re1 Bd3
30.f3 Kf8 31.g4 Bc4 32.Kg2 b5 33.h4 b4 34.axb4 Bxb4 35.Rh1 Bd5 36.h5 Re8
37.h6 gxh6 38.Bxh6+ Ke7 39.Bg5+ Ke6 40.Rh6+ f6 41.Nxf6 Rb8 42.Bf4 Bf8 43.Nxd5+ Bxh6
44.Bxb8 Kxd5 45.f4 Kxd4 46.g5 Bf8 47.Be5+ Ke4 48.g6 Kf5 49.g7 Bxg7 50.Bxg7 Kxf4
51.Kf2 Ke4 52.Ke2 a4 53.Kd2 c5 54.Kc3 Kd5 55.Kc2 Kc6 56.Kb1 a3 57.b3 Kb5
58.Bc3  1-0

[Event "CZE-chT2"]
[Site "?"]
[Date "1995.??.??"]
[Round "?"]
[White "Movsesian, Sergei"]
[Black "Mozny, Milos"]
[Result "1/2-1/2"]
[WhiteElo "2435"]
[BlackElo "2435"]

1.e4 c5 2.Nf3 e6 3.Nc3 d6 4.d4 cxd4 5.Qxd4 Bd7 6.Bg5 Nf6 7.O-O-O Nc6 8.Qd2 Qa5
9.Kb1 a6 10.Bf4 Ne5 11.Bxe5 dxe5 12.Qg5 Bb4 13.Qxg7 Bxc3 14.bxc3 Ke7 15.Qg5 Bc6
16.Nxe5 Qxc3 17.Rd3 Qe1+ 18.Kb2 Qxe4 19.Nxc6+ Qxc6 20.Rf3 Qb6+ 21.Ka1 Qd4+
22.c3 Rhg8 23.Qc1 Qc5 24.Qf4 Rg6 25.Be2 Rc8 26.g3 Kf8 27.h4 e5 28.Qf5 e4
29.Qxc5+ Rxc5 30.Re3 Nd5 31.Rxe4 Nxc3 32.Rc4 Rxc4 33.Bxc4 b5 34.Rc1 b4 35.a3 Rc6
36.Bd5 Rd6 37.Bc4 a5 38.axb4 axb4 39.Kb2 Rd2+ 40.Kb3 Rxf2 41.Kxb4 Ne4 42.g4 Rb2+
43.Bb3 Nd2 44.Kc3  1/2-1/2

[Event "Frydek-Mistek op"]
[Site "Frydek-Mistek"]
[Date "1995.??.??"]
[Round "?"]
[White "Ivanov"]
[Black "Movsesian, Sergei"]
[Result "1/2-1/2"]
[WhiteElo "2465"]
[BlackElo "2435"]

1.e4 c5 2.Nf3 d6 3.d4 cxd4 4.Qxd4 Nc6 5.Bb5 Qa5+ 6.Nc3 Qxb5 7.Nxb5 Nxd4 8.Nfxd4 Kd8
9.Be3 Nf6 10.f3 a6 11.Nc3 Kc7 12.a4 e5 13.Nde2 Be6 14.O-O-O Kc6 15.Rd2 d5
16.exd5+ Nxd5 17.Nxd5 Bxd5 18.Rhd1 Be6 19.f4 f6 20.fxe5 fxe5 21.Rd3 b5 22.Ng3 Bb4
23.Bd2 Be7 24.Re1 Bf6 25.Ne4  1/2-1/2

[Event "Frydek-Mistek op"]
[Site "Frydek-Mistek"]
[Date "1995.??.??"]
[Round "?"]
[White "Novosak, Jiri"]
[Black "Movsesian, Sergei"]
[Result "0-1"]
[WhiteElo "2160"]
[BlackElo "2435"]

1.e4 c5 2.Nf3 e6 3.c4 Nc6 4.Nc3 Nf6 5.Be2 a6 6.O-O Qc7 7.b3 Nd4 8.Bb2 Ng4
9.g3 Nf6 10.Bd3 d6 11.Re1 Be7 12.Bf1 O-O 13.d3 e5 14.Nxd4 cxd4 15.Ne2 g6
16.Bg2 Ne8 17.f4 Ng7 18.Rc1 f5 19.b4 fxe4 20.Bxe4 Be6 21.c5 dxc5 22.bxc5 Rad8
23.c6 bxc6 24.Rxc6 Qa5 25.fxe5 Bg4 26.Rf1 Rxf1+ 27.Qxf1 Qd2 28.Nf4 Qxb2 29.Nd5 Bg5
30.Rc7 Rf8 31.Nf6+ Kh8 32.h4 Bxf6 33.exf6 Nh5 34.f7 Qd2 35.Bf3 Qe3+ 36.Kg2 Qe5  0-1

[Event "Hlohovec op"]
[Site "Hlohovec"]
[Date "1995.??.??"]
[Round "?"]
[White "Polak, Tomas"]
[Black "Movsesian, Sergei"]
[Result "0-1"]
[WhiteElo "2420"]
[BlackElo "2435"]

1.d4 Nf6 2.c4 d6 3.Nc3 Nbd7 4.e4 e5 5.d5 Nc5 6.Qc2 a5 7.Be2 Be7 8.Nf3 O-O
9.Be3 b6 10.h3 g6 11.g4 Ne8 12.Bh6 Ng7 13.O-O-O Bd7 14.a4 f5 15.gxf5 gxf5
16.Rdg1 Bf6 17.Rg2 Kh8 18.Rhg1 Rg8 19.exf5 Qe7 20.Bd3 Nxd3+ 21.Qxd3 Nxf5
22.Bd2 Rxg2 23.Rxg2 Rg8 24.Rxg8+ Kxg8 25.b3 Qg7 26.Ne4 Be7 27.Nfg5 Nd4 28.Nf3 Bf5
29.Nxd4 exd4 30.Kb2 Bh4 31.Qf3 Qg6 32.Ng3 Bxh3 33.Ne2 Bg4 34.Qf4 d3 35.Nd4 Bf6
36.Bc3 Qg5 37.Qe3 Qxe3 38.fxe3 h5 39.Be1 h4 40.Bxh4 d2  0-1

[Event "Hlohovec op"]
[Site "Hlohovec"]
[Date "1995.??.??"]
[Round "?"]
[White "Movsesian, Sergei"]
[Black "Pal, Peter"]
[Result "1-0"]
[WhiteElo "2435"]
[BlackElo "2285"]

1.e4 d5 2.exd5 Qxd5 3.d4 Nf6 4.c4 Qd8 5.Nf3 g6 6.h3 Bg7 7.Nc3 O-O 8.Be3 b6
9.Be2 Bb7 10.O-O Nbd7 11.a4 c5 12.d5 Ne8 13.Re1 Nd6 14.Bd3 Re8 15.Bf4 Nf8
16.a5 bxa5 17.Qd2 e6 18.Bf1 Nf5 19.Nb5 Re7 20.g4 Nd4 21.Nfxd4 cxd4 22.Qxa5 Qxa5
23.Rxa5 Rd7 24.d6 e5 25.Bg3 Ne6 26.c5 a6 27.Na3 e4 28.Nc4 Rdd8 29.Nb6 Ra7
30.Bc4 d3 31.Bxe6 fxe6 32.Bh4 Rf8 33.d7 Bd4 34.d8=Q Bxf2+ 35.Bxf2 Rxd8 36.Nc4 Bd5
37.c6 Bxc4 38.Bxa7 d2 39.Rd1 Bb3 40.c7 Rc8 41.Rxd2 Rxc7 42.Be3  1-0

[Event "Hlohovec op"]
[Site "Hlohovec"]
[Date "1995.??.??"]
[Round "?"]
[White "Movsesian, Sergei"]
[Black "Veselsky, Jozef"]
[Result "1-0"]
[WhiteElo "2435"]
[BlackElo "2225"]

1.e4 e6 2.Nc3 d5 3.d4 Bb4 4.e5 c5 5.Bd2 Nc6 6.Nb5 Bxd2+ 7.Qxd2 cxd4 8.f4 Nge7
9.Nd6+ Kf8 10.Nf3 Nf5 11.Nxf5 exf5 12.Nxd4 Qb6 13.O-O-O Nxd4 14.Qxd4 Qxd4
15.Rxd4 Be6 16.g3 Ke7 17.Bg2 Rhd8 18.Rhd1 Rd7 19.Bxd5 Rad8 20.c4 b5 21.b3 bxc4
22.bxc4 Rc7 23.Bxe6 Rxd4 24.Rxd4 Kxe6 25.Kc2 g5 26.Kc3 gxf4 27.gxf4 Rc6 28.Rd6+ Rxd6
29.exd6 Kxd6 30.Kd4 Kc6 31.c5 Kc7 32.Kd5 Kd7 33.c6+ Kc7 34.Kc5 Kc8 35.Kd6 Kd8
36.h4 h5 37.c7+ Kc8 38.Kc6 f6 39.Kd6  1-0

[Event "Hlohovec op"]
[Site "Hlohovec"]
[Date "1995.??.??"]
[Round "?"]
[White "Moravcik, Rastislav"]
[Black "Movsesian, Sergei"]
[Result "0-1"]
[WhiteElo "2130"]
[BlackElo "2435"]

1.e4 c5 2.Nf3 e6 3.d4 cxd4 4.Nxd4 a6 5.Be2 Nf6 6.Nc3 d6 7.O-O Be7 8.f4 Nc6
9.Be3 Qc7 10.Kh1 O-O 11.Qe1 Bd7 12.Qg3 b5 13.a3 Nxd4 14.Bxd4 Bc6 15.Bf3 Qb7
16.Rae1 Kh8 17.e5 dxe5 18.fxe5 Nd7 19.Ne4 Rae8 20.h4 Qc8 21.c3 Ba8 22.Bd1 Bxe4
23.Rxe4 f5 24.exf6 Bxf6 25.Bxf6 Nxf6 26.Ree1 Qc4 27.Rf4 Qc5 28.Ref1 e5 29.Rf5 Qc4
30.h5 h6 31.Qe3 Rf7 32.Kg1 Qe6 33.a4 Nd5 34.Qe4 Rxf5 35.Rxf5 Ne3  0-1

[Event "Litomysl op"]
[Site "Litomysl"]
[Date "1995.??.??"]
[Round "1"]
[White "Movsesian, Sergei"]
[Black "Jedlicka, Ales"]
[Result "1-0"]
[WhiteElo "2470"]
[BlackElo "2185"]

1.e4 c5 2.Nf3 d6 3.Nc3 a6 4.d4 cxd4 5.Nxd4 Nf6 6.Be3 e5 7.Nb3 Be6 8.Qd2 Nbd7
9.f3 Rc8 10.O-O-O Be7 11.g4 O-O 12.Kb1 Nb6 13.h4 Nc4 14.Bxc4 Rxc4 15.h5 b5
16.g5 Nd7 17.Nd5 Bxd5 18.exd5 Nb6 19.Na5 Rc8 20.Bxb6 Qxb6 21.Nc6 Rc7 22.f4 Rfc8
23.f5 Rxc6 24.dxc6 Qxc6 25.Rhg1 d5 26.f6 Bc5 27.Rgf1 d4 28.g6 gxf6 29.Qh6 fxg6
30.hxg6 Rc7 31.Rxf6  1-0

[Event "Litomysl op"]
[Site "Litomysl"]
[Date "1995.??.??"]
[Round "2"]
[White "Zigo, Viktor"]
[Black "Movsesian, Sergei"]
[Result "0-1"]
[WhiteElo "2275"]
[BlackElo "2470"]

1.e4 e6 2.d3 b5 3.f4 Bb7 4.Nf3 d5 5.exd5 exd5 6.d4 a6 7.Bd3 Nf6 8.O-O Be7
9.c3 c5 10.Kh1 O-O 11.Be3 Nbd7 12.Nbd2 Ne4 13.Bc2 Qc7 14.Ne5 Ndf6 15.Ndf3 c4
16.Ng5 Bd6 17.Rf3 Bc8 18.Qe1 Bf5 19.Rc1 Rae8 20.Qh4 Qc8 21.g4 Bxg4 22.Bxe4 dxe4
23.Rg3 Bh5 24.Rcg1 g6 25.Nxh7 Kxh7 26.Qxf6 Be7 27.Qb6 Bh4 28.Kg2 Bxg3 29.hxg3 f6
30.Qa7+ Kg8  0-1

[Event "Litomysl op"]
[Site "Litomysl"]
[Date "1995.??.??"]
[Round "3"]
[White "Movsesian, Sergei"]
[Black "Weglarz, Leszek"]
[Result "1-0"]
[WhiteElo "2470"]
[BlackElo "2350"]

1.e4 e5 2.Nf3 Nf6 3.d4 Nxe4 4.Bd3 d5 5.Nxe5 Nd7 6.Nc3 Nxe5 7.dxe5 Nxc3 8.bxc3 Be6
9.Rb1 Qc8 10.Bg5 h6 11.Bh4 Bc5 12.O-O c6 13.Kh1 g5 14.Bg3 Qd7 15.f4 gxf4
16.Bh4 Be7 17.Rxf4 O-O-O 18.Qf1 b6 19.Rxf7  1-0

[Event "Litomysl op"]
[Site "Litomysl"]
[Date "1995.??.??"]
[Round "7"]
[White "Movsesian, Sergei"]
[Black "Oral, Tomas"]
[Result "0-1"]
[WhiteElo "2470"]
[BlackElo "2410"]

1.d4 Nf6 2.c4 g6 3.Nc3 d5 4.Nf3 Bg7 5.cxd5 Nxd5 6.e4 Nxc3 7.bxc3 c5 8.Rb1 O-O
9.Be2 cxd4 10.cxd4 Qa5+ 11.Bd2 Qxa2 12.O-O a5 13.Ra1 Qb2 14.Bxa5 Nc6 15.Rb1 Qa2
16.Bb6 Bg4 17.h3 Bxf3 18.Bxf3 Bxd4 19.Bxd4 Rad8 20.Rxb7 Rxd4 21.Qc1 Qe6 22.g3 Rc4
23.Qh6 Nd4 24.Bg2 Qf6 25.Qe3 e5 26.Rfb1 Rc3 27.R7b6 Qxb6 28.Rxb6 Rxe3 29.fxe3 Ne6
30.Rc6 Rb8 31.h4 Rb5 32.Rd6 Kg7 33.Bh3 Nc5 34.Rd5 Rb1+ 35.Kh2 Rb2+ 36.Bg2 Nxe4
37.Rxe5 Nf2 38.Kg1 Ng4 39.Re8 Rb1+ 40.Bf1 f5 41.e4 Ne3 42.Kf2 Nxf1 43.exf5 gxf5
44.Re7+ Kg6 45.h5+ Kxh5 46.Rxh7+ Kg6 47.Rh4 Nd2 48.Rd4 Ne4+ 49.Kf3 Rb3+ 50.Kf4 Rxg3
51.Rd8 Rg4+ 52.Ke5 Nf6  0-1

[Event "Mlada Boleslav op"]
[Site "?"]
[Date "1995.??.??"]
[Round "?"]
[White "Romanov, Oleg"]
[Black "Movsesian, Sergei"]
[Result "1/2-1/2"]
[WhiteElo "2345"]
[BlackElo "2470"]

1.d4 Nf6 2.c4 d6 3.Nf3 Nbd7 4.Nc3 e5 5.Bg5 c6 6.e3 h6 7.Bh4 Qe7 8.Be2 g6
9.Qb3 Bg7 10.Qa3 exd4 11.exd4 O-O 12.O-O g5 13.Bg3 Ne8 14.Rac1 f5 15.c5 d5
16.Bd3 Qd8 17.Be5 Ndf6 18.b4 g4 19.Bxf6 Qxf6 20.Ne5 Nc7 21.b5 cxb5 22.Nxb5 Nxb5
23.Bxb5 Rd8 24.f4 gxf3 25.Qxf3 Be6 26.Rb1 b6 27.cxb6 axb6 28.Bd3 Rd6 29.Bxf5 Bxf5
30.Qxf5 Qxf5 31.Rxf5 Rxa2 32.Rc1 Ra7 33.Rc8+ Kh7 34.Rb8 Re6 35.h4 Rae7 36.Nf3 Rg6
37.Kf2 Rc7 38.Rxd5 Rc2+ 39.Ke3 Rgxg2 40.Ne5 Rc3+ 41.Ke4 Rh2 42.Rd7 Rxh4+
43.Kd5 Rh5 44.Rxg7+ Kxg7 45.Ke6 Rg5 46.Rxb6 h5 47.Rb7+ Kg8 48.Kf6 Rcg3 49.d5 Rg7
50.Rb8+ Kh7 51.d6 Rg8 52.Rb7+ R3g7 53.Rxg7+ Rxg7 54.d7 Rg8 55.Nf3 Rf8+ 56.Ke7 Kg7  1/2-1/2

[Event "Mlada Boleslav op"]
[Site "?"]
[Date "1995.??.??"]
[Round "?"]
[White "Movsesian, Sergei"]
[Black "Sarakauskas, Gediminas"]
[Result "1-0"]
[WhiteElo "2470"]
[BlackElo "2175"]

1.e4 g6 2.d4 c6 3.c4 Bg7 4.Nc3 d6 5.Be2 e5 6.Nf3 Qc7 7.Be3 Nf6 8.O-O O-O
9.d5 c5 10.Ne1 Nbd7 11.Nd3 Nb6 12.Qb3 Ng4 13.Bxg4 Bxg4 14.a4 a5 15.Nb5 Qb8
16.f3 Bd7 17.Nxd6 Nxa4 18.Nb5  1-0

[Event "Mlada Boleslav op"]
[Site "?"]
[Date "1995.??.??"]
[Round "?"]
[White "Movsesian, Sergei"]
[Black "Kholmov, Ratmir D"]
[Result "1/2-1/2"]
[WhiteElo "2470"]
[BlackElo "2445"]

1.e4 e5 2.Nf3 Nc6 3.Bc4 Nf6 4.d3 Be7 5.O-O O-O 6.Re1 d6 7.a4 Be6 8.Bxe6 fxe6
9.c3 Kh8 10.Qb3 Qd7 11.Nbd2 Na5 12.Qb5 b6 13.Qxd7 Nxd7 14.b4 Nb7 15.d4 Bf6
16.Ba3 Rfd8 17.Nc4 a6 18.b5 axb5 19.axb5 Na5 20.Ncd2 Ra7 21.Bb4 Rda8 22.Rab1 Kg8
23.g3 Kf7 24.Kf1 g5 25.h3 h5 26.g4 hxg4 27.hxg4 Kg6 28.Ke2 exd4 29.cxd4 c5
30.bxc6 Nxc6 31.Bc3 Ra2 32.Rec1 R8a4 33.d5 Nd8 34.Kf1 exd5 35.exd5 Rxg4 36.Bxf6 Nxf6
37.Rxb6 Nf7 38.Rc4 Rxc4 39.Nxc4 Nxd5 40.Rc6 Nb4 41.Rb6 Nd3 42.Nfd2 Kh5 43.Ne4 Nf4
44.Ncd2 Ne5 45.f3  1/2-1/2

[Event "Komercni Banka op"]
[Site "Olomouc"]
[Date "1995.??.??"]
[Round "2"]
[White "Krejci, Jakub"]
[Black "Movsesian, Sergei"]
[Result "0-1"]
[WhiteElo "2070"]
[BlackElo "2435"]

1.Nf3 Nf6 2.c4 e6 3.g3 b6 4.Bg2 Bb7 5.O-O Be7 6.d4 O-O 7.Nc3 d5 8.Ne5 Nbd7
9.b3 c6 10.Bb2 Rc8 11.Re1 Nxe5 12.dxe5 Nd7 13.cxd5 cxd5 14.e4 Bb4 15.Rc1 dxe4
16.Bxe4 Ba6 17.Qh5 g6 18.Qh6 Qe7 19.Bb1 Rfd8 20.Re4 Qf8 21.Qf4 Be7 22.Rd4 Nc5
23.Rcd1 Rxd4 24.Rxd4 Rd8 25.b4 Nd3 26.Bxd3 Bxd3 27.a3 Bg5 28.Rxd8 Qxd8 29.Qf3 Qd7
30.h4 Be7 31.Ne4 Bxe4 32.Qxe4 Kg7 33.Bd4 Qa4 34.Qe3 h5 35.Kh2 Qc6 36.Qf4 a5
37.Be3 axb4 38.axb4 b5 39.Qh6+ Kg8 40.Qf4 Qc3 41.Bd2 Qb2 42.Kg2 Bf8 43.Kf1 Bg7
44.Be3 Bxe5 45.Qe4 Bd6 46.Qc6 Qxb4 47.Qe8+ Bf8 48.Bf4 Qc5 49.Qd8 b4 50.Be3 Qd6
51.Qxd6 Bxd6 52.Bd4 b3 53.Bb2 f6 54.Ke2 e5 55.Kd3 Bc5  0-1

[Event "Komercni Banka op"]
[Site "Olomouc"]
[Date "1995.??.??"]
[Round "4"]
[White "Musil, Vitezslav"]
[Black "Movsesian, Sergei"]
[Result "0-1"]
[WhiteElo "2435"]
[BlackElo "2025"]

1.e4 c5 2.Nf3 e6 3.d4 cxd4 4.Nxd4 Nf6 5.Nc3 d6 6.g4 h6 7.h4 Nc6 8.g5 hxg5
9.Bxg5 Qb6 10.Nb3 a6 11.Qd2 Bd7 12.O-O-O Qc7 13.Kb1 O-O-O 14.Be2 Kb8 15.Rhg1 Bc8
16.f4 Be7 17.Bf3 b5 18.a3 Bb7 19.Qe3 Nh5 20.Bxe7 Qxe7 21.Bxh5 Rxh5 22.Rxg7 Rxh4
23.Qg3 Rdh8 24.f5 Rh1 25.Rxh1 Rxh1+ 26.Ka2 b4 27.f6 Qc7 28.Rg8+ Bc8 29.Na4 bxa3
30.bxa3 Ne7 31.Rxc8+ Nxc8 32.Kb2 Qc6 33.Nc3 Rf1 34.e5 Rf3 35.Qe1 Nb6 36.Na5 Qxc3+  0-1

[Event "Komercni Banka op"]
[Site "Olomouc"]
[Date "1995.??.??"]
[Round "5"]
[White "Movsesian, Sergei"]
[Black "Pastor, Karel Jr"]
[Result "1/2-1/2"]
[WhiteElo "2435"]
[BlackElo "2260"]

1.d4 d5 2.c4 e6 3.cxd5 exd5 4.Nc3 c5 5.Nf3 Nc6 6.g3 Nf6 7.Bg2 Be7 8.O-O O-O
9.Bg5 cxd4 10.Nxd4 h6 11.Be3 Re8 12.Rc1 Bf8 13.Nxc6 bxc6 14.Na4 Bd7 15.Bc5 Bxc5
16.Nxc5 Bf5 17.e3 Qa5 18.a3 Rab8 19.Na4 Qb5 20.Re1 Nd7 21.Bf1 Qb7 22.b4 Ne5
23.h3 Be4 24.Be2 Qc8 25.Kh2 Qf5 26.f4 Rbd8 27.Nc5 Nc4 28.Bxc4 dxc4 29.Qe2 Bd3
30.Qg2 Be4 31.Qf2 Qd5 32.Kg1 h5 33.Na4 Bf5 34.Nc3 Qd2 35.h4 Bg4 36.Rc2 Qd3
37.e4 Bf5 38.Re3 Qd4 39.Rce2 Bg4 40.Rc2 Bf5 41.Rce2 Bg4 42.Rc2 Bf5  1/2-1/2

[Event "Komercni Banka op"]
[Site "Olomouc"]
[Date "1995.??.??"]
[Round "8"]
[White "Divis, Josef"]
[Black "Movsesian, Sergei"]
[Result "0-1"]
[WhiteElo "2240"]
[BlackElo "2435"]

1.e4 c5 2.Nf3 e6 3.d4 cxd4 4.Nxd4 Nf6 5.Nc3 d6 6.Be3 a6 7.Be2 Qc7 8.O-O b5
9.a3 Bb7 10.f3 Be7 11.Qe1 O-O 12.Qg3 Re8 13.Rad1 Nbd7 14.Bxb5 axb5 15.Ndxb5 Qb8
16.Nxd6 Nh5 17.Qh3 Bxd6 18.Qxh5 Nf6 19.Qh4 Ra5 20.g4 Ba6 21.Rfe1 Be5 22.g5 Qxb2
23.Nb1 Qxc2 24.gxf6 Bxf6 25.Qf2 Qb3 26.Qd2 Rh5 27.Kg2 h6 28.Qb4 Qc2+ 29.Qd2 Qc8
30.Rc1 Qb8 31.Bf4 e5 32.Be3 Bh4 33.Red1 Re6 34.Kh1 Rf6 35.Qd8+ Qxd8 36.Rxd8+ Kh7
37.Nd2 Be2 38.Bg1 Bg5 39.Re1 Bb5 40.Rd5 Bxd2 41.Rxd2 Rxf3 42.Rf2 Rhh3 43.Rxf3 Rxf3
44.Be3 Rf1+ 45.Rxf1 Bxf1 46.Kg1 Bd3 47.Kf2 Bxe4 48.Bc5 g5 49.a4 Kg6 50.a5 Bb7
51.Bd6 Kf5 52.Ke3 h5 53.Bb4 Ke6  0-1

[Event "Komercni Banka op"]
[Site "Olomouc"]
[Date "1995.??.??"]
[Round "9"]
[White "Movsesian, Sergei"]
[Black "Karhanec, Pavel"]
[Result "1-0"]
[WhiteElo "2435"]
[BlackElo "2075"]

1.e4 e5 2.Nf3 Nc6 3.Bb5 a6 4.Ba4 Nf6 5.d4 exd4 6.O-O Be7 7.Re1 O-O 8.e5 Ne8
9.c3 b5 10.Bc2 d5 11.cxd4 Nb4 12.Bb3 Bf5 13.Nc3 c6 14.Be3 a5 15.a3 Na6 16.h3 a4
17.Ba2 Nec7 18.Nh2 Bg6 19.Rf1 f6 20.exf6 Bxf6 21.f4 Re8 22.Qd2 Nb8 23.f5 Bf7
24.Bf4 Ra7 25.Nf3 Na8 26.g4 h6 27.h4 Kf8 28.g5 hxg5 29.hxg5 Be7 30.Qh2 Qc8
31.Ne5 Nb6 32.Ng6+ Bxg6 33.Qh8+ Kf7 34.fxg6+ Kxg6 35.Bb1+  1-0

[Event "Pardubice op"]
[Site "Pardubice"]
[Date "1995.??.??"]
[Round "?"]
[White "Volodin, Viktor"]
[Black "Movsesian, Sergei"]
[Result "0-1"]
[WhiteElo "2350"]
[BlackElo "2470"]

1.Nf3 Nf6 2.c4 c6 3.d4 d6 4.g3 Nbd7 5.Nc3 e5 6.Qc2 Be7 7.Bg2 O-O 8.O-O Qc7
9.h3 a6 10.Be3 Re8 11.Rac1 Bf8 12.Rfd1 g6 13.Qd2 b6 14.Kh2 Bb7 15.d5 c5 16.Bh6 Qd8
17.e4 b5 18.Bxf8 Rxf8 19.Ne1 b4 20.Ne2 Ne8 21.Nd3 Qe7 22.Qe3 Ng7 23.f4 Rae8
24.Re1 f5 25.Ng1 exf4 26.gxf4 fxe4 27.Qxe4 Qh4 28.Qf3 Nf6 29.Qg3 Qxg3+ 30.Kxg3 Nfh5+
31.Kf3 Nf5 32.Rxe8 Rxe8 33.Re1 Nh4+ 34.Kg4 Rxe1 35.Nxe1 Nf5 36.Kf3 Nd4+ 37.Ke3 a5
38.Nd3 Ba6 39.b3 a4 40.Nc1 axb3 41.axb3 Nc2+ 42.Kf3 Ne1+ 43.Kf2 Nxg2 44.Kxg2 Nxf4+
45.Kf3 Nh5 46.Nd3 Bc8 47.Nxc5 dxc5 48.Ke4 Ng3+ 49.Kf4 Nf5 50.Ke5 Nd4 51.Kd6 Nxb3
52.Kc7 Bf5 53.d6 Nd2 54.d7 Bxd7 55.Kxd7 b3 56.Ne2 Ne4  0-1

[Event "Pardubice op"]
[Site "Pardubice"]
[Date "1995.??.??"]
[Round "?"]
[White "Movsesian, Sergei"]
[Black "Gagloshvili, Raissa"]
[Result "1-0"]
[WhiteElo "2470"]
[BlackElo "2225"]

1.e4 e5 2.Nf3 Nf6 3.d4 Nxe4 4.Bd3 Nc6 5.dxe5 d5 6.exd6 Nxd6 7.Nc3 Bf5 8.O-O Be7
9.Nd5 O-O 10.Bf4 Bg6 11.c4 Ne8 12.Bxg6 hxg6 13.Re1 Bd6 14.Bg5 Nf6 15.a3 a5
16.Qc2 a4 17.Rad1 Ra5 18.Qc3 Rxd5 19.cxd5 Nb8 20.Qd4 Nbd7 21.Qxa4 Qa8 22.Qh4 b6
23.Bxf6 Nxf6 24.Ng5 Re8 25.Ne4  1-0

[Event "Prague Mladi op"]
[Site "Prague"]
[Date "1995.??.??"]
[Round "2"]
[White "Majer, Jiri"]
[Black "Movsesian, Sergei"]
[Result "1/2-1/2"]
[WhiteElo "2300"]
[BlackElo "2435"]

1.e4 c5 2.c3 b6 3.d4 Bb7 4.Bd3 e6 5.Nf3 d6 6.O-O Nd7 7.Qe2 Ne7 8.Bf4 Ng6
9.Bg3 Be7 10.Nbd2 O-O 11.e5 Bxf3 12.Nxf3 d5 13.h4 Re8 14.h5 Ngf8 15.Nh2 f5
16.exf6 Bxf6 17.Nf3 c4 18.Bc2 b5 19.Rfe1 Qb6 20.h6 g6 21.Ne5 Nxe5 22.Bxe5 Bxe5
23.Qxe5 Re7 24.Re3 Rf7 25.Rae1 Re8 26.Qg3 Ree7 27.Bd1 Rf6 28.Bg4 b4 29.Qh3 bxc3
30.bxc3 Qd6 31.Re5 Kf7 32.R5e3 Nd7 33.Rf3 Rxf3 34.Qxf3+ Nf6 35.Bh3 e5 36.dxe5 Rxe5
37.Rd1 Qe7 38.Rd4 Re1+ 39.Kh2 Qe5+ 40.g3 Re4 41.Rd2 g5 42.Qf5 Qxf5 43.Bxf5 Re1
44.Rb2 g4 45.Kg2 Ng8 46.Bxg4 Nxh6 47.Bf3 Ke6 48.Rb5 Re5 49.Rb7 Nf7 50.Rxa7 Nd6
51.a4 h6 52.Rh7 Nf7 53.Rg7 Kf6 54.Rg8 Ng5 55.Rc8 Nxf3 56.Kxf3 Re1 57.Rd8 Rd1
58.Ke2 Rd3 59.a5 Rxc3 60.Rxd5 Ra3  1/2-1/2

[Event "Prague Mladi op"]
[Site "Prague"]
[Date "1995.??.??"]
[Round "4"]
[White "Movsesian, Sergei"]
[Black "Cvek, Robert"]
[Result "1-0"]
[WhiteElo "2435"]
[BlackElo "2285"]

1.e4 c5 2.Nf3 d6 3.Nc3 Nf6 4.d4 cxd4 5.Qxd4 a6 6.e5 Nc6 7.Qa4 Ng4 8.exd6 Qxd6
9.h3 Nf6 10.Bf4 Qb4 11.O-O-O e6 12.a3 Qxa4 13.Nxa4 Nd7 14.c4 f6 15.Bc7 Be7
16.b4 Bd8 17.Bd6 Ne7 18.g4 b5 19.cxb5 Bb7 20.Bg2 axb5 21.Nc3 Rxa3 22.Kb2 Ra8
23.Rhe1 e5 24.Nxe5 Nxe5 25.Bxb7 Ra7 26.Bd5 Nxd5 27.Rxd5 Kf7 28.Bxe5 fxe5
29.Nxb5 Ra6 30.Nd6+ Kg6 31.b5 Ra7 32.Nc4 Bf6 33.Nxe5+  1-0

[Event "Sala op"]
[Site "Sala"]
[Date "1995.??.??"]
[Round "1"]
[White "Wanzek, Daniel"]
[Black "Movsesian, Sergei"]
[Result "0-1"]
[WhiteElo "2085"]
[BlackElo "2435"]

1.e4 c5 2.Nc3 e6 3.g3 Nc6 4.Bg2 g6 5.d3 Bg7 6.Be3 d6 7.Qd2 Nge7 8.Bh6 Bxh6
9.Qxh6 Nd4 10.O-O-O Qa5 11.Qg7 Rf8 12.Qxh7 Nec6 13.Kb1 Bd7 14.Nf3 Nb4 15.Ne1 Nb5
16.Qg7 e5 17.f4 Nxc3+ 18.bxc3 Nxa2 19.Kb2 Nxc3 20.Ra1 Qb4+ 21.Kc1 Ne2+  0-1